00601cam a22002171 4500001001300000003000400013005001700017008004100034010001700075035002000092040001800112042001200130050002300142100003900165245006100204250003200265260003900297300001100336500001900347999001700366ne 68002970 DLC20260227111845.0880803s1966 le 000 1 arar  ane 68002970  a(OCoLC)18306604 aDLCcWaUdDLC apremarc00aPJ7852.A5bK3 19661 aNuʻaymah, Mīkhāʼīl,d1889-10aKāna mā kān.c[Taʼlīf] Mikhāʼīl Nuʻaymah. aal-Ṭabʻah al-sābiʻah. aBayrūt,bDār Ṣādir,c1966. a125 p. aShort stories. c50639d50639